Stavba motorových vozidiel 2

Bibliographic Details
Main Author: Hudec, Pavol (Author)
Format: Book
Language:Slovak
PhysicalDescription:284 s. grafy, sch., tab. 29 cm
Published: Bratislava Slovenská vysoká škola technická 1978
Edition:1. vyd., 2. dotl.
Subjects:

MARC

LEADER 00000cam a2200000 a 4500
001 vtls001114552
003 SK-MaSNL
005 20260302021019.0
008 250313s1978 xo da e n 000 0 slo
015 |a SNBA1978 
035 |a SNK000057395 
035 |a urn:nbn:sk:snk-amk0nl 
035 |a urn:nbn:sk:snk-am00889h 
035 |a 1ED59F6E-B903-4641-963C-53CE0869E74A 
040 |a SNK  |b slo  |c SNK  |e AACR2 
041 0 |a slo 
044 |a xo  |c SK 
080 |a 629.113-23(075.8)  |2 1981 
100 1 |a Hudec, Pavol  |4 aut  |9 279368 
245 1 0 |a Stavba motorových vozidiel 2  |c Pavol Hudec 
250 |a 1. vyd., 2. dotl. 
260 |a Bratislava  |b Slovenská vysoká škola technická  |c 1978 
300 |a 284 s.  |b grafy, sch., tab.  |c 29 cm 
366 |e 100 výt. 
504 |a Bibliogr. odkazy 
650 0 7 |a motorové vozidlá  |2 SNKPH  |9 1587 
650 0 7 |a automobily  |2 SNKPH  |9 18879 
655 7 |a učebnice vysokých škôl  |2 SNKPH  |9 70191 
852 |a Slovenská národná knižnica 
958 |a OND 
958 |a NB 
958 |a RM 
958 |a UV 
999 |c 1027163  |d 1029093 
952 |a SNK  |b SNK  |y VYP  |7 0  |p 17A0614407  |o snkSB 27414/2 D1  |i snkKSP 6936/78  |0 0  |1 0  |4 0  |d 2009-05-20  |l 0  |r 2026-02-24 13:43:13  |w 2026-02-24 
952 |a SNK  |b SNK  |y PREZ  |7 0  |p 17A0970991  |o snkSB 27414/2  |i snkKSP 6935/78  |0 0  |1 0  |4 0  |d 2012-07-31  |f 1  |l 0  |r 2025-03-31 00:00:00  |w 2026-02-24